logo

Bir Sreshtho Munshi Abdur Rouf Library
Jhenaidah Cadet College

A Histoy of Sanskrit Literature / (Record no. 9619)

MARC details
000 -LEADER
fixed length control field 00603nam a2200229 a 4500
001 - CONTROL NUMBER
JCCL Control Number 9619
003 - CONTROL NUMBER IDENTIFIER
JCCL marc code BD-JhCC
005 - DATE AND TIME OF LATEST TRANSACTION
control field 20180320185318.0
008 - FIXED-LENGTH DATA ELEMENTS--GENERAL INFORMATION
fixed length control field 180320s1920 ii |||| || | 001 0 eng d
035 ## - SYSTEM CONTROL NUMBER
system control number (BD-JhCC)9619
040 ## - CATALOGING SOURCE
Original cataloging agency BD-JhCC
Modifying agency BD-JhCC
041 ## - LANGUAGE CODE
Language code of Book eng
082 ## - DEWEY DECIMAL CLASSIFICATION NUMBER
Classification number 891.209
Author mark and Year KEI 1920
100 ## - MAIN ENTRY--PERSONAL NAME
Personal name Keith, A. Berriedale
245 ## - TITLE STATEMENT
Title A Histoy of Sanskrit Literature /
Statement of responsibility, etc A. Berriedale Keith
260 ## - PUBLICATION, DISTRIBUTION, ETC. (IMPRINT)
Place of publication, distribution, etc Madras :
Name of publisher, distributor, etc Oxford University Press,
Date of publication, distribution, etc 1920.
300 ## - PHYSICAL DESCRIPTION
Pagination 575 p. :
Dimensions 23 cm.
504 ## - BIBLIOGRAPHY, ETC. NOTE
Bibliography, etc Includes Index
650 ## - SUBJECT ADDED ENTRY--TOPICAL TERM
Topical term or geographic name as entry element Sanskrit Literature
942 ## - ADDED ENTRY ELEMENTS (KOHA)
Source of classification or shelving scheme Dewey Decimal Classification
Koha item type Books
Holdings
Source of classification or shelving scheme Damaged status Not for loan Home library Current library Shelving location Date of accession Total Checkouts Full call number Barcode Date last seen Copy number Koha item type
Dewey Decimal Classification     JCC Rouf Library JCC Rouf Library General Stacks 03/20/2018   891.209 KEI 1920 12342 03/20/2018 C-1 Books

JCC Library | Contacts | JCC Home

Last Update on 23 September 2017
Copyright @ 2017-2020 JCC Rouf Library
Rouf Library, Jhenidah Cadet College (JCC), Bangladesh